00856cam a22002297a 4500003000500000005001700005008004100022010000900063011000900072035000900081040000900090100003800099245019000137260004000327300002000367502009900387650002900486650002900515650002900544650003500573650001800608CHAP20220329133557.0971013s1993 r 00010 d a8105 a9077 a8311 cCHAP00aVentura Romero, Edward Francisco. 0aEvaluación técnico-financiera de la producción de flor de crisantemo (Chrysanthemum morifolium R.), bajo condiciones de invernadero, en el Mpio. de Tlalmanalco, Estado de México aChapingo, Méx. :bEl autor,c1993 a130 h.e+ anexo aTesis (Ing. Agr. Esp. en Economía Agrícola) -- UACH. Departamento de Economía Agrícola14aCrisantemoxRendimiento.14aCultivos en invernadero.14aDendranthema morifolium.14aFloriculturazMéxico (Edo.).14aInvernaderos.